<?xml version="1.0" encoding="UTF-8"?>
<record
    xmlns:xsi="http://www.w3.org/2001/XMLSchema-instance"
    xsi:schemaLocation="http://www.loc.gov/MARC21/slim http://www.loc.gov/standards/marcxml/schema/MARC21slim.xsd"
    xmlns="http://www.loc.gov/MARC21/slim">

  <leader>00502nam a2200169 a 4500</leader>
  <datafield tag="999" ind1=" " ind2=" ">
    <subfield code="c">11419</subfield>
    <subfield code="d">11419</subfield>
  </datafield>
  <datafield tag="020" ind1=" " ind2=" ">
    <subfield code="a">0521001854 (paperback)</subfield>
  </datafield>
  <datafield tag="020" ind1=" " ind2=" ">
    <subfield code="a">9780521001854 (paperback)</subfield>
  </datafield>
  <datafield tag="100" ind1="1" ind2=" ">
    <subfield code="a">Hancock, Mark.</subfield>
  </datafield>
  <datafield tag="245" ind1="1" ind2="0">
    <subfield code="a">English Pronunciation in use: intermediate</subfield>
  </datafield>
  <datafield tag="250" ind1=" " ind2=" ">
    <subfield code="a">10th Edition.</subfield>
  </datafield>
  <datafield tag="260" ind1=" " ind2=" ">
    <subfield code="a">[S.l.] :</subfield>
    <subfield code="b">Cambridge University Press,</subfield>
    <subfield code="c">2009.</subfield>
  </datafield>
  <datafield tag="300" ind1=" " ind2=" ">
    <subfield code="a">200 p. ;</subfield>
  </datafield>
  <datafield tag="650" ind1=" " ind2=" ">
    <subfield code="a">English language--Pronunciation	</subfield>
  </datafield>
  <datafield tag="650" ind1=" " ind2=" ">
    <subfield code="a">English language	</subfield>
  </datafield>
  <datafield tag="856" ind1="4" ind2="0">
    <subfield code="u">http://10.10.170.122:8080/browse/book/794</subfield>
  </datafield>
  <datafield tag="942" ind1=" " ind2=" ">
    <subfield code="c">BK</subfield>
  </datafield>
  <datafield tag="952" ind1=" " ind2=" ">
    <subfield code="0">0</subfield>
    <subfield code="1">0</subfield>
    <subfield code="4">0</subfield>
    <subfield code="7">0</subfield>
    <subfield code="a">SLELC</subfield>
    <subfield code="b">SLELC</subfield>
    <subfield code="d">2014-11-12</subfield>
    <subfield code="g">814.00</subfield>
    <subfield code="l">0</subfield>
    <subfield code="o">428.2HAN</subfield>
    <subfield code="p">36975</subfield>
    <subfield code="r">2014-11-12 00:00:00</subfield>
    <subfield code="w">2014-11-12</subfield>
    <subfield code="y">BK</subfield>
  </datafield>
  <datafield tag="952" ind1=" " ind2=" ">
    <subfield code="0">0</subfield>
    <subfield code="1">0</subfield>
    <subfield code="4">0</subfield>
    <subfield code="7">0</subfield>
    <subfield code="a">SLELC</subfield>
    <subfield code="b">SLELC</subfield>
    <subfield code="d">2014-11-12</subfield>
    <subfield code="g">814.00</subfield>
    <subfield code="l">0</subfield>
    <subfield code="o">428.2HAN</subfield>
    <subfield code="p">36976</subfield>
    <subfield code="r">2014-11-12 00:00:00</subfield>
    <subfield code="w">2014-11-12</subfield>
    <subfield code="y">BK</subfield>
  </datafield>
  <datafield tag="952" ind1=" " ind2=" ">
    <subfield code="0">0</subfield>
    <subfield code="1">0</subfield>
    <subfield code="4">0</subfield>
    <subfield code="7">0</subfield>
    <subfield code="a">QUESTCL</subfield>
    <subfield code="b">ST</subfield>
    <subfield code="d">2014-11-12</subfield>
    <subfield code="g">814.00</subfield>
    <subfield code="l">0</subfield>
    <subfield code="o">428.2HAN</subfield>
    <subfield code="p">36977</subfield>
    <subfield code="r">2014-11-12 00:00:00</subfield>
    <subfield code="y">BK</subfield>
  </datafield>
  <datafield tag="952" ind1=" " ind2=" ">
    <subfield code="0">0</subfield>
    <subfield code="1">0</subfield>
    <subfield code="4">0</subfield>
    <subfield code="7">0</subfield>
    <subfield code="a">QUESTCL</subfield>
    <subfield code="b">ST</subfield>
    <subfield code="d">2014-11-12</subfield>
    <subfield code="g">814.00</subfield>
    <subfield code="l">0</subfield>
    <subfield code="o">428.2HAN</subfield>
    <subfield code="p">36978</subfield>
    <subfield code="r">2014-11-12 00:00:00</subfield>
    <subfield code="y">BK</subfield>
  </datafield>
  <datafield tag="952" ind1=" " ind2=" ">
    <subfield code="0">0</subfield>
    <subfield code="1">3</subfield>
    <subfield code="4">0</subfield>
    <subfield code="7">0</subfield>
    <subfield code="a">QUESTCL</subfield>
    <subfield code="b">QUESTCL</subfield>
    <subfield code="d">2014-11-12</subfield>
    <subfield code="g">814.00</subfield>
    <subfield code="l">1</subfield>
    <subfield code="o">428.2HAN</subfield>
    <subfield code="p">36979</subfield>
    <subfield code="r">2016-08-19 00:00:00</subfield>
    <subfield code="s">2016-08-19</subfield>
    <subfield code="y">BK</subfield>
  </datafield>
  <datafield tag="952" ind1=" " ind2=" ">
    <subfield code="0">0</subfield>
    <subfield code="1">0</subfield>
    <subfield code="4">0</subfield>
    <subfield code="7">0</subfield>
    <subfield code="a">QUESTCL</subfield>
    <subfield code="b">QUESTCL</subfield>
    <subfield code="d">2014-11-12</subfield>
    <subfield code="g">814.00</subfield>
    <subfield code="l">0</subfield>
    <subfield code="o">428.2HAN</subfield>
    <subfield code="p">36980</subfield>
    <subfield code="r">2014-11-12 00:00:00</subfield>
    <subfield code="w">2014-11-12</subfield>
    <subfield code="y">BK</subfield>
  </datafield>
  <datafield tag="952" ind1=" " ind2=" ">
    <subfield code="0">0</subfield>
    <subfield code="1">0</subfield>
    <subfield code="4">0</subfield>
    <subfield code="7">0</subfield>
    <subfield code="8">REF</subfield>
    <subfield code="a">REF</subfield>
    <subfield code="b">REF</subfield>
    <subfield code="d">2014-11-12</subfield>
    <subfield code="g">814.00</subfield>
    <subfield code="l">0</subfield>
    <subfield code="o">428.2HAN (Shelf - 25A)</subfield>
    <subfield code="p">36981</subfield>
    <subfield code="r">2014-11-12 00:00:00</subfield>
    <subfield code="y">BK</subfield>
  </datafield>
  <datafield tag="952" ind1=" " ind2=" ">
    <subfield code="0">0</subfield>
    <subfield code="1">0</subfield>
    <subfield code="4">0</subfield>
    <subfield code="7">0</subfield>
    <subfield code="a">QUESTCL</subfield>
    <subfield code="b">QUESTCL</subfield>
    <subfield code="d">2014-11-12</subfield>
    <subfield code="g">814.00</subfield>
    <subfield code="l">1</subfield>
    <subfield code="o">428.2HAN</subfield>
    <subfield code="p">36982</subfield>
    <subfield code="r">2020-01-09 00:00:00</subfield>
    <subfield code="s">2016-04-08</subfield>
    <subfield code="y">BK</subfield>
  </datafield>
  <datafield tag="952" ind1=" " ind2=" ">
    <subfield code="0">0</subfield>
    <subfield code="1">0</subfield>
    <subfield code="4">0</subfield>
    <subfield code="7">0</subfield>
    <subfield code="a">QUESTCL</subfield>
    <subfield code="b">ST</subfield>
    <subfield code="d">2014-11-12</subfield>
    <subfield code="g">814.00</subfield>
    <subfield code="l">0</subfield>
    <subfield code="o">428.2HAN</subfield>
    <subfield code="p">36983</subfield>
    <subfield code="r">2014-11-12 00:00:00</subfield>
    <subfield code="y">BK</subfield>
  </datafield>
  <datafield tag="952" ind1=" " ind2=" ">
    <subfield code="0">0</subfield>
    <subfield code="1">0</subfield>
    <subfield code="4">0</subfield>
    <subfield code="7">0</subfield>
    <subfield code="a">QUESTCL</subfield>
    <subfield code="b">ST</subfield>
    <subfield code="d">2014-11-12</subfield>
    <subfield code="g">814.00</subfield>
    <subfield code="l">1</subfield>
    <subfield code="o">428.2HAN</subfield>
    <subfield code="p">36984</subfield>
    <subfield code="r">2015-08-03 00:00:00</subfield>
    <subfield code="s">2015-04-23</subfield>
    <subfield code="y">BK</subfield>
  </datafield>
</record>
